Aluzja • | Odpowiedź | % Poprawnych |
---|---|---|
2022 | bartosz zmarzlik | 100%
|
2021 | bartosz zmarzlik | 100%
|
2020 | bartosz zmarzlik | 100%
|
2006 | tomasz gollob | 95%
|
2013 | maciej janowski | 93%
|
2023 | maciej janowski | 93%
|
2010 | janusz kołodziej | 86%
|
2009 | Janusz Kołodziej | 86%
|
2018 | jarosław hampel | 85%
|
2016 | patryk dudek | 83%
|
2012 | piotr pawlicki | 83%
|
2014 | przemysław pawlicki | 80%
|
2017 | przemysław pawlicki | 80%
|
2015 | przemysław pawlicki | 80%
|
2019 | krzysztof kasprzak | 67%
|
2007 | grzegorz walasek | 45%
|
2011 | adrian miedziński | 32%
|
2008 | damian baliński | 25%
|
Prawa autorskie należą do H Brothers Inc., 2008–2024
Kontakt | Przewiń w górę | Wersja na komputer